Catálogo

Vista normal Vista MARC

Entrada Personal Name

Número de registros utilizados en: 3

001 - CONTROL NUMBER

  • control field: 4752

003 - CONTROL NUMBER IDENTIFIER

  • control field: DLC

005 - DATE AND TIME OF LATEST TRANSACTION

  • control field: 20200720125843.0

008 - FIXED-LENGTH DATA ELEMENTS

  • fixed length control field: 890710n| azannaabn |n aaa

010 ## - LIBRARY OF CONGRESS CONTROL NUMBER

  • LC control number: n 89638332

035 ## - SYSTEM CONTROL NUMBER

  • System control number: (OCoLC)oca02557371

040 ## - CATALOGING SOURCE

  • Original cataloging agency: DLC
  • Language of cataloging: spa
  • Description conventions: rda
  • Transcribing agency: Mx-PuUPA
  • Modifying agency: DLC
  • Modifying agency: DNLM
  • Modifying agency: Mx-PuUPA

100 1# - HEADING--PERSONAL NAME

  • Personal name: Baravalle, Graziella,

372 ## - FIELD OF ACTIVITY

  • Field of activity: Psicoanálisis

374 ## - OCCUPATION

  • Occupation: Autora

375 ## - GENDER

  • Gender: mujer

377 ## - ASSOCIATED LANGUAGE

  • Language code: spa

670 ## - SOURCE DATA FOUND

  • Source citation: nuc89-66465: Social structures and food ... 1988
  • Information found: (hdg. on PU rept.: Baravalle, Graziella; usage: Graziella Baravalle)

670 ## - SOURCE DATA FOUND

  • Source citation: Her De oscuro vuelo, 1985:
  • Information found: t.p. (Graziella Baravalle) flap (b. Rosario, Argentina, lives in Barcelona)